Statistics for Top25 Uruguayan Football Players by Market Value

Click here to take the quiz!

General Stats

  • This quiz has been taken 94 times
  • The average score is 10 of 25

Answer Stats

Age / Market ValueCurrent ClubPlayer% Correct
31 / 60M€Paris Saint-GermainEdinson Cavani
99%
31 / 70M€BarcelonaLuis Suárez
99%
32 / 35M€Atlético de MadridDiego Godín
98%
23 / 50M€Atlético de MadridJosé María Giménez
84%
22 / 30M€ArsenalLucas Torreira
68%
32 / 6M€GalatasarayFernando Muslera
59%
19 / 6M€Real MadridFederico Valverde
54%
21 / 20M€JuventusRodrigo Bentancur
54%
26 / 21M€Inter MilanMatías Vecino
48%
27 / 10M€Sporting PortugalSebastián Coates
40%
31 / 7,5M€Girona FCCristhian Stuani
39%
21 / 25M€Celta de VigoMaximiliano Gómez
35%
22 / 9,5M€Boca JuniorsNahitan Nández
31%
29 / 4M€Seattle Sounders FCNicolás Lodeiro
31%
24 / 9M€Cruzeiro ECGiorgian De Arrascaeta
24%
23 / 10M€PSV EindhovenGastón Pereiro
22%
27 / 10M€UC SampdoriaGastón Ramírez
22%
20 / 4,5M€RB LeipzigMarcelo Saracchi
18%
27 / 6M€CD Godoy CruzSantiago García
16%
29 / 5M€CA IndependienteMartín Campaña
13%
22 / 5M€Getafe CFMauro Arambarri
13%
27 / 7M€Free AgentAbel Hernández
11%
28 / 4,5M€FK KrasnodarMauricio Pereyra
9%
25 / 18M€Genoa CFCDiego Laxalt
7%
22 / 5,5M€US SassuoloMauricio Lemos
5%

Score Distribution

Percentile by Number Answered

Percent of People with Each Score

Your Score History

You have not taken this quiz